Dawne flagi państw - Statystyki

Ogólne statystyki
  • Ten quiz został rozwiązany 117 razy
  • Średni wynik to 7 z 12
Statystyki odpowiedzi
Obrazkowy Odpowiedź % Poprawnych
Nepal
87%
Argentyna
82%
Peru
82%
Tajlandia
81%
Albania
78%
Iran
69%
Wenezuela
60%
Laos
44%
Chorwacja
28%
Belgia
22%
Maroko
19%
Urugwaj
6%
Nie znaleziono quizów pasujących do podanych kryteriów
Rozkład punktacji
Procent ludzi z każdym wynikiem
Percentyl według liczby udzielonych odpowiedzi
Twoja historia wyników
Nie rozwiązałeś tego quizu